000 00419nam a2200181Ia 4500
001 19550
005 20260306172701.0
008 260306t2013||||xx |||||||||||||| ||spa||
041 _aESP
082 _a340.4
_bF52 T. 3
100 _aFinnis, John
_eAUT
245 0 _aHuman rights common good
260 _c2013
300 _a432 páginas :
_c23 cm.
650 _aGEN
654 _aCDE
942 _cLIB
_dJUS
_fJUS
_2ddc
_n
999 _c19550
_d19550